000 00674nam a2200217Ii 4500
001 3336
003 CO-ViMGA
008 241108s9999||||xx |||||||||||||| ||und||
020 _a9586430006
040 _aCO-ViMGA
_bspa
_erda
_cCO-ViMGA
041 0 _aspa
082 0 4 _a320.9861 S168a
100 1 _aFrancisco de Paula Santander
_946950
245 1 2 _aA los colombianos:
_bProclamas y Discursos 1812-1840
264 1 _aBogotá, Colombia : Fundación Francisco de Paula Santander, 1988
300 _avolumen
336 _atext
_btxt
_2rdacontent
337 _aunmediated
_bn
_2rdamedia
338 _avolume
_bnc
_2rdacarrier
940 _aidficha_siabuc: 3255. -- ficha_no_siabuc:3336
999 _c41529
_d41529